| 000 | 00558nam a22001817a 4500 | ||
|---|---|---|---|
| 005 | 20130923124457.0 | ||
| 010 | _aENG-108313 | ||
| 020 |
_a9789350353493 _c650.00 |
||
| 035 | _aEN-91846 | ||
| 037 | _bDBAD/PUB | ||
| 245 | 1 | 0 |
_aSelected writings of justice H.R. Khanna / _cedited by Lokendra Malik |
| 260 |
_aNew Delhi _bUniversal Law Publishing _c2013 |
||
| 270 |
_aC-FF-1A, Dilkhush Industrial Estate, G.T. Karnal Road _bDelhi _e110033 |
||
| 300 |
_axxxiii,310p. _c24cm(Hb) |
||
| 500 | _aIncludes index | ||
| 700 | _aMalik, Lokendra | ||
| 942 |
_2ddc _cEN _mSEL |
||
| 999 |
_c78583 _d78583 |
||